000 00427nam a2200193Ia 4500
005 20240823062203.0
008 240823s9999||||xx |||||||||||||| ||und||
041 _aENGLISH
082 _A358.40092 N3
100 _aLal C
245 0 _aAirForce Recruitment
250 _a1st
260 _c1993
_b"Upkar,Agra"
500 _aTRANSFERED
650 _aGeneral
_bGeneral
700 _a Jain
942 _cBK
999 _c235289
_d235289